000 00461nam a2200181Ia 4500
001 21347
005 20260306172912.0
008 260306t2021||||xx |||||||||||||| ||spa||
041 _aESP
082 _a344.528
_bL543
100 _aLifante Vidal, Isabel,
_eAUT
245 0 _aContra la corrupción :
_bestado de derecho y transparencia
260 _c2021
300 _a279 pƔginas :
_c00 cm.
650 _aGEN
654 _aCDE
942 _cLIB
_dJUS
_fJUS
_2ddc
_n
999 _c21347
_d21347